Southville International School and Colleges
Your cart is empty.
  • Cart
  • Lists
    Public lists Eva Luna New books Lux_list list_1
    Your lists Log in to create your own lists
  • Log in to your account
  • Your cookies
  • Search history
Southville International School and Colleges
  • Advanced search
  • Recent comments
  • Most popular
  • Libraries

Log in to your account

Log in with GOOGLE


If you do not have an external account, but do have a local account, you can still log in:

  1. Home
  2. MARC view: Vespers rising /
Normal view MARC view ISBD view

Vespers rising / (Record no. 34461)

[ view plain ]
MARC details
000 -LEADER
fixed length control field 00804cam a22003135a 4500
001 - CONTROL NUMBER
control field 16506913
003 - CONTROL NUMBER IDENTIFIER
control field OSt
005 - DATE AND TIME OF LATEST TRANSACTION
control field 20140310184441.0
008 - FIXED-LENGTH DATA ELEMENTS--GENERAL INFORMATION
fixed length control field 101018s2011 nyu 000 0 eng
010 ## - LIBRARY OF CONGRESS CONTROL NUMBER
LC control number 2010939561
020 ## - INTERNATIONAL STANDARD BOOK NUMBER
International Standard Book Number 9780545290593
020 ## - INTERNATIONAL STANDARD BOOK NUMBER
International Standard Book Number 0545341396
040 ## - CATALOGING SOURCE
Original cataloging agency DLC
Transcribing agency DLC
Modifying agency DLC
042 ## - AUTHENTICATION CODE
Authentication code pcc
050 ## - LIBRARY OF CONGRESS CALL NUMBER
Classification number PZ 7
Item number .R585 1920
100 1# - MAIN ENTRY--PERSONAL NAME
Personal name Riordan, Rick.
9 (RLIN) 18585
245 10 - TITLE STATEMENT
Title Vespers rising /
Statement of responsibility, etc Rick Riordan, Peter Lerangis, Gordon Korman.
260 ## - PUBLICATION, DISTRIBUTION, ETC. (IMPRINT)
Place of publication, distribution, etc New York :
Name of publisher, distributor, etc Scholastic Press,
Date of publication, distribution, etc 1920.
263 ## - PROJECTED PUBLICATION DATE
Projected publication date 1104
300 ## - PHYSICAL DESCRIPTION
Extent 238 p. :
Dimensions 23 cm.
490 0# - SERIES STATEMENT
Series statement The 39 clues
521 ## - TARGET AUDIENCE NOTE
Target audience note
526 ## - STUDY PROGRAM INFORMATION NOTE
Reading level 690
906 ## - LOCAL DATA ELEMENT F, LDF (RLIN)
a 0
b ibc
c orignew
d 2
e epcn
f 20
g y-gencatlg
942 ## - ADDED ENTRY ELEMENTS (KOHA)
Source of classification or shelving scheme Library of Congress Classification
Koha item type
Holdings
Withdrawn status Lost status Source of classification or shelving scheme Damaged status Home library Current library Shelving location Date acquired Total Checkouts Full call number Barcode Date last seen Copy number Price effective from Koha item type Date checked out
    Library of Congress Classification   Luxembourg Library Luxembourg Library Scholastic Reading Center Section 10/10/2013   PZ 7 .R585 1920 LEX1235 04/18/2017 1 10/10/2013 Books  
    Library of Congress Classification   Luxembourg Library Luxembourg Library Scholastic Reading Center Section 10/10/2013 1 PZ 7 .R585 1920 LEX1236 05/02/2019 2 10/10/2013 Books 04/22/2019

Vespers rising /

APA

Riordan R., . (1920). Vespers rising. New York: Scholastic Press.

Chicago

Riordan Rick, . 1920. Vespers rising. New York: Scholastic Press.

Harvard

Riordan R., . (1920). Vespers rising. New York: Scholastic Press.

MLA

Riordan Rick, . Vespers rising. New York: Scholastic Press. 1920.

  • Place hold
  • Print
  • Cite
  • Add to your cart (remove)
  • Save record
    BIBTEX Dublin Core MARCXML MARC (non-Unicode/MARC-8) MARC (Unicode/UTF-8) MARC (Unicode/UTF-8, Standard) MODS (XML) RIS
  • More searches
    Search for this title in:
    Other Libraries (WorldCat) Other Databases (Google Scholar) Online Stores (Bookfinder.com) Open Library (openlibrary.org)

Exporting to Dublin Core...

SOUTHVILLE LIBRARY

Southville International School and Colleges Library

1281 Tropical Ave. Cor. Luxembourg St., BF Homes International, Las Pinas City

Tel. No. 8256374 / 252358 Loc. 117/146

Powered by Koha